State Quiz - Pernambuco - Statistics

General Stats
  • This quiz has been taken 42 times
  • The average score is 14 of 20
Answer Stats
Hint Answer % Correct
State capital Recife
100%
Famous archipelago in the Atlantic {Fernando}de Noronha
88%
Music style from Pernambuco,associated with Carnival Frevo
85%
Largest suburbs {Jaboatão} dosGuararapes
85%
Twin city of Juazeiro Petrolina
85%
Largest suburbs Olinda
79%
Bordering states of Pernambuco Alagoas
76%
Bordering states of Pernambuco Bahia
76%
Dessert of guava paste rolled withcake batter Bolo de {rolo}
76%
Bordering states of Pernambuco Paraíba
76%
Bordering states of Pernambuco Piauí
76%
Bordering states of Pernambuco Ceará
74%
Longest river São Francisco
68%
Semi-arid backcountry in the west The {Sertão}
68%
Largest suburbs Paulista
65%
Art movement created in the 90s {Mangue}beat
59%
Huge open-air theater that hostsPassion of the Christ on Easter New {Jerusalem}
47%
The Portuguese word for ____ Reef
29%
Kahal Zur Israel was the first________ in the Americas Synagogue
26%
Name of that city under the Dutch Mauritsstad
21%
No matching quizzes found
Score Distribution
Percent of People with Each Score
Percentile by Number Answered
Your Score History
You have not taken this quiz